Poorest Countries in Africa - Statistics

General Stats
  • This quiz has been taken 41 times
  • The average score is 7 of 10
Answer Stats
Country % Correct
Central African Republic
85%
Democratic Republic of the Congo
83%
Niger
78%
Burundi
75%
Guinea
73%
Malawi
70%
Gambia
63%
Liberia
60%
Mozambique
58%
Madagascar
50%
No matching quizzes found
Score Distribution
Percent of People with Each Score
Percentile by Number Answered
Your Score History
You have not taken this quiz